000
00284nam a2200133Ia 4500
100
_a
Saboo/ K.K/ Narula/ R.K.
942
_c
BK
654
_a
Management
245
_a
Materials management
260
_b
Udh pub.
_a
Delhi
_c
1981
082
_a
658.7
300
_a
224
546
_a
ENGLISH
999
_c
34060
_d
34060